[Event "Guernsey Holiday 2009"]
[Site "Guernsey"]
[Date "2009.10.18"]
[Round "1"]
[White "Kok, Franciscus"]
[Black "Spierings, John"]
[Result "1/2-1/2"]
[WhiteElo "1603"]
[BlackElo "1822"]
[PlyCount "60"]
[EventDate "2009.10.18"]
[SourceDate "2009.11.17"]

1. d4 Nf6 2. c4 e6 3. e3 Bb4+ 4. Bd2 c5 5. a3 Bxd2+ 6. Nxd2 cxd4 7. exd4 d5 8.
c5 Nc6 9. Bb5 O-O 10. Bxc6 bxc6 11. Qa4 a5 12. Ngf3 Ba6 13. Qxc6 Qb8 14. Qb6
Qxb6 15. cxb6 Rfb8 16. Ne5 Rxb6 17. b3 Ne4 18. Nd7 Rd6 19. Nc5 Rb8 20. Rc1 Rc6
21. Ndxe4 dxe4 22. Kd2 f5 23. Rb1 Rd8 24. Ke3 Kf7 25. b4 axb4 26. axb4 e5 27.
dxe5 Bd3 28. Rbd1 Rb8 29. Nxd3 exd3 30. Rxd3 Rxb4 1/2-1/2

[Event "Guernsey Holiday 2009"]
[Site "Guernsey"]
[Date "2009.10.18"]
[Round "1"]
[White "Glover, John"]
[Black "Welch, Hazel"]
[Result "0-1"]
[WhiteElo "1802"]
[BlackElo "1594"]
[PlyCount "84"]
[EventDate "2009.10.18"]
[SourceDate "2009.11.17"]

1. Nf3 Nf6 2. c4 c5 3. g3 g6 4. Bg2 Bg7 5. Nc3 O-O 6. d4 cxd4 7. Qxd4 Nc6 8.
Qd2 d6 9. O-O Bd7 10. b3 Ne4 11. Nxe4 Bxa1 12. Nc3 Qa5 13. Bb2 Bxb2 14. Qxb2
Rac8 15. Qc1 Nb4 16. a3 Nc6 17. Nd5 b5 18. Qh6 f6 19. b4 Qa6 20. cxb5 Qxb5 21.
Nh4 Qxe2 22. Nxg6 Rf7 23. Ngf4 Qe5 24. h4 Bf5 25. Ne3 Nd4 26. Nxf5 Qxf5 27. Bh3
Nf3+ 28. Kg2 Qe4 29. Bxc8 Nd2+ 30. Kg1 Nxf1 31. Kxf1 Qc4+ 32. Kg2 Qxc8 33. Qh5
Qc4 34. Qf3 f5 35. Qa8+ Rf8 36. Qxa7 Qe4+ 37. Kg1 Rc8 38. Qe3 e5 39. Qb3+ Kh8
40. f3 Qe1+ 41. Kg2 Rc3 42. Qf7 Rc2+ 0-1

[Event "Guernsey Holiday 2009"]
[Site "Guernsey"]
[Date "2009.10.18"]
[Round "1"]
[White "Oxener, Aldo"]
[Black "Ruigrok, Jacques"]
[Result "1-0"]
[WhiteElo "1566"]
[BlackElo "1794"]
[PlyCount "65"]
[EventDate "2009.10.18"]
[SourceDate "2009.11.17"]

1. Nf3 Nf6 2. d4 e6 3. c4 Bb4+ 4. Bd2 Bxd2+ 5. Nbxd2 d5 6. cxd5 exd5 7. e3 O-O
8. Bd3 Nc6 9. a3 Re8 10. O-O Bg4 11. Qc2 h6 12. Rac1 Rc8 13. h3 Bxf3 14. Nxf3
Ne4 15. Rfe1 Qf6 16. Bb5 Re6 17. Qa4 Rb8 18. Re2 a6 19. Bxc6 Rxc6 20. Rxc6 Qxc6
21. Qxc6 bxc6 22. Ne5 c5 23. Nc6 Re8 24. dxc5 Nxc5 25. Rc2 Nb7 26. Nb4 a5 27.
Nxd5 c5 28. f3 f5 29. g4 Re5 30. Rd2 fxg4 31. hxg4 c4 32. e4 a4 33. Nb6 1-0

[Event "Guernsey Holiday 2009"]
[Site "Guernsey"]
[Date "2009.10.18"]
[Round "1"]
[White "Roberts, Malcolm A"]
[Black "Smith, DWF."]
[Result "1/2-1/2"]
[WhiteElo "1754"]
[BlackElo "1532"]
[PlyCount "95"]
[EventDate "2009.10.18"]
[SourceDate "2009.11.17"]

1. e4 d5 2. exd5 Nf6 3. Bb5+ Bd7 4. Bxd7+ Nbxd7 5. Nc3 Nb6 6. Nf3 Nbxd5 7. Nxd5
Nxd5 8. c4 Nf6 9. d4 e6 10. O-O Be7 11. Bf4 O-O 12. Re1 Re8 13. a3 c5 14. dxc5
Bxc5 15. b4 Be7 16. Qc2 a5 17. c5 axb4 18. axb4 Nd5 19. Qe4 Nc3 20. Qc4 Bf6 21.
Rac1 Nd5 22. Rcd1 Qc8 23. Bd6 Be7 24. Bxe7 Rxe7 25. Qh4 Rd7 26. Ne5 Rd8 27. h3
Qc7 28. Nf3 h6 29. Ra1 Qc8 30. Ne5 Qc7 31. Nf3 Qc8 32. Nd2 Qc7 33. Qc4 Qf4 34.
Qxf4 Nxf4 35. Nc4 Rxa1 36. Rxa1 Rd4 37. Ra8+ Kh7 38. Nd6 Rxb4 39. Nxf7 Nd3 40.
Ra5 Rb1+ 41. Kh2 Nxf2 42. Nd8 e5 43. c6 bxc6 44. Rxe5 Nd3 45. Re3 Nb4 46. Rc3
Rd1 47. Nxc6 Nxc6 48. Rxc6 1/2-1/2

[Event "Guernsey Holiday 2009"]
[Site "Guernsey"]
[Date "2009.10.18"]
[Round "1"]
[White "Timmerman, Peter"]
[Black "Noordijk, Evert"]
[Result "0-1"]
[WhiteElo "1562"]
[BlackElo "1767"]
[PlyCount "48"]
[EventDate "2009.10.18"]
[SourceDate "2009.11.17"]

1. e4 d6 2. d4 Nf6 3. Nc3 Nbd7 4. Nf3 e5 5. Be2 c6 6. O-O Be7 7. Bg5 Qc7 8.
dxe5 dxe5 9. a3 Nc5 10. Nd2 Ne6 11. Be3 Bd7 12. Bf3 g5 13. g3 h5 14. h3 O-O-O
15. Bg2 h4 16. Kh2 Rdg8 17. Qe1 Rh7 18. f3 hxg3+ 19. Qxg3 Nh5 20. Qf2 Nhf4 21.
Rh1 b6 22. Ne2 Rgh8 23. Bxf4 gxf4 24. Kg1 Bc5 0-1

[Event "Guernsey Holiday 2009"]
[Site "Guernsey"]
[Date "2009.10.18"]
[Round "1"]
[White "Kearsley, Raymond J"]
[Black "Bakkes, Frits"]
[Result "0-1"]
[WhiteElo "1762"]
[BlackElo "1548"]
[PlyCount "118"]
[EventDate "2009.10.18"]
[SourceDate "2009.11.17"]

1. e4 c5 2. Nf3 Nc6 3. c3 Nf6 4. e5 Nd5 5. d4 d6 6. Bb5 Qb6 7. c4 Nc7 8. Bxc6+
bxc6 9. exd6 exd6 10. O-O cxd4 11. Nxd4 Be7 12. Re1 Ne6 13. Nf5 Qd8 14. Nc3 O-O
15. Ne4 Qc7 16. Nxe7+ Qxe7 17. Nxd6 c5 18. Be3 Qf6 19. Qd5 Rb8 20. b3 Rd8 21.
Ne4 Qg6 22. Qe5 Bb7 23. Ng3 Re8 24. Bxc5 f6 25. Qe3 h5 26. f3 f5 27. Qf2 h4 28.
Nf1 Nf4 29. Kh1 Rxe1 30. Rxe1 h3 31. g3 Nd3 32. Qe3 Nxe1 33. Qxe1 Bxf3+ 34. Kg1
Qc6 35. Qf2 Re8 36. Be3 Qe4 37. Bxa7 Qe2 38. Ne3 Qxf2+ 39. Kxf2 Be4 40. Bd4 Ra8
41. b4 Rxa2+ 42. Kg1 Kf7 43. b5 Rd2 44. Be5 Re2 45. Bf4 Kf6 46. Nd5+ Bxd5 47.
cxd5 Rb2 48. Be3 Rxb5 49. Bd4+ Kf7 50. Kf2 Rxd5 51. Ke3 g5 52. Bc3 Ke6 53. Bd2
Rb5 54. Kf3 Rb3+ 55. Ke2 g4 56. Kf2 Rd3 57. Bf4 Rf3+ 58. Ke2 Rxf4 59. gxf4 Kd5
0-1

[Event "Guernsey Holiday 2009"]
[Site "Guernsey"]
[Date "2009.10.18"]
[Round "1"]
[White "Kirk, Matthew"]
[Black "Veelenturf, Wim"]
[Result "0-1"]
[WhiteElo "1541"]
[BlackElo "1756"]
[PlyCount "90"]
[EventDate "2009.10.18"]
[SourceDate "2009.11.17"]

1. d4 d5 2. c4 c6 3. Nf3 Nf6 4. Bf4 e6 5. e3 Nbd7 6. Nc3 g6 7. Bd3 Bg7 8. O-O
O-O 9. Qc2 Ne8 10. Bd6 Nxd6 11. c5 Nf5 12. Bxf5 exf5 13. b4 a6 14. a4 Nf6 15.
b5 Bd7 16. Ne5 Ne4 17. bxc6 Bxc6 18. Nxc6 bxc6 19. Nxe4 fxe4 20. Rab1 Rb8 21.
Rxb8 Qxb8 22. Rb1 Qa8 23. Qb3 Bf6 24. Qb7 a5 25. Qxa8 Rxa8 26. Rb3 Kf8 27. g3
Ke8 28. Rb6 Rc8 29. Kf1 Bd8 30. Rb7 Bc7 31. Ke2 Kd7 32. Kd2 h5 33. Ke2 g5 34.
Kf1 f5 35. Kg2 Rf8 36. Rb3 f4 37. exf4 gxf4 38. gxf4 Bxf4 39. Rb7+ Bc7 40. Rb3
Rf3 41. Rxf3 exf3+ 42. Kxf3 Bxh2 43. Kg2 Bf4 44. Kh3 Bd2 45. Kh4 Be1 0-1

[Event "Guernsey Holiday 2009"]
[Site "Guernsey"]
[Date "2009.10.18"]
[Round "1"]
[White "Hoogakker, Peter"]
[Black "Herschmann, Heinz"]
[Result "1-0"]
[WhiteElo "1773"]
[BlackElo "1562"]
[PlyCount "79"]
[EventDate "2009.10.18"]
[SourceDate "2009.11.17"]

1. e4 e5 2. Nf3 d6 3. Bc4 Be7 4. c3 Nf6 5. d3 h6 6. O-O O-O 7. Nbd2 c6 8. Bb3
Nbd7 9. Re1 Nc5 10. Bc2 a6 11. d4 exd4 12. cxd4 Ne6 13. Nf1 Ne8 14. Qd3 Ng5 15.
Ng3 Nxf3+ 16. Qxf3 Bg5 17. Qd3 Bxc1 18. Raxc1 g6 19. e5 d5 20. e6 Qe7 21. exf7+
Qxf7 22. Qxg6+ Qxg6 23. Bxg6 Nf6 24. Re7 Bd7 25. Rce1 Rad8 26. f3 Be8 27. Nf5
h5 28. Rxb7 Bxg6 29. Rg7+ Kh8 30. Rxg6 Nh7 31. Nh6 Rd7 32. Ree6 Rc7 33. f4 Rg7
34. f5 Ng5 35. Rxc6 Nf7 36. Rxg7 Kxg7 37. Nxf7 Rxf7 38. f6+ Rxf6 39. Rxf6 Kxf6
40. Kf2 1-0

[Event "Guernsey Holiday 2009"]
[Site "Guernsey"]
[Date "2009.10.18"]
[Round "1"]
[White "Spicer, Jonathan"]
[Black "Gibson, John"]
[Result "0-1"]
[WhiteElo "1526"]
[BlackElo "1750"]
[PlyCount "34"]
[EventDate "2009.10.18"]
[SourceDate "2009.11.17"]

1. e4 d6 2. d4 Nf6 3. Nc3 Nbd7 4. Nf3 e5 5. Bg5 Be7 6. Bc4 h6 7. Bh4 c6 8. Qd2
b5 9. Bd3 b4 10. Ne2 Rb8 11. O-O c5 12. c3 Bb7 13. d5 Nxe4 14. Bxe4 Bxh4 15.
cxb4 cxb4 16. Nxh4 Qxh4 17. g3 Qxe4 0-1

[Event "Guernsey Holiday 2009"]
[Site "Guernsey"]
[Date "2009.10.18"]
[Round "1"]
[White "Van Hoek, Wim"]
[Black "Haddock, Paul"]
[Result "1-0"]
[WhiteElo "1743"]
[BlackElo "1522"]
[PlyCount "103"]
[EventDate "2009.10.18"]
[SourceDate "2009.11.17"]

1. e4 c5 2. Nf3 d6 3. c3 Nc6 4. d4 cxd4 5. cxd4 Nf6 6. Nc3 a6 7. h3 e6 8. Be3
Be7 9. Rc1 O-O 10. Bd3 e5 11. d5 Nb8 12. O-O b5 13. b4 Nbd7 14. a4 bxa4 15.
Nxa4 Bb7 16. Qb3 Rc8 17. Nd2 Rxc1 18. Rxc1 Qb8 19. Nc4 Rc8 20. Qb1 Kf8 21. Nab6
Nxb6 22. Nxb6 Rxc1+ 23. Qxc1 Bd8 24. Nc4 Qc8 25. Nxd6 Qxc1+ 26. Bxc1 Ba8 27.
Bxa6 Be7 28. Bb7 Bxd6 29. Bxa8 Bxb4 30. f3 Bc5+ 31. Kf1 Bd6 32. g4 Ke7 33. Bc6
Bc5 34. Ke2 Bd6 35. Kd3 Bb4 36. Bb2 Bd6 37. Kc4 Ng8 38. Bc3 h6 39. f4 exf4 40.
e5 Ba3 41. d6+ Bxd6 42. exd6+ Kxd6 43. Bf3 g5 44. Kd3 Ke6 45. Bd1 Ke7 46. Bb4+
Kf6 47. Ke4 Ke6 48. Bb3+ Kf6 49. Bf8 Kg6 50. Ke5 f6+ 51. Ke6 Ne7 52. Bxe7 1-0

[Event "Guernsey Holiday 2009"]
[Site "Guernsey"]
[Date "2009.10.18"]
[Round "1"]
[White "Carrick, Peter"]
[Black "Foster, Paul"]
[Result "0-1"]
[WhiteElo "1522"]
[BlackElo "1738"]
[PlyCount "84"]
[EventDate "2009.10.18"]
[SourceDate "2009.11.17"]

1. d4 Nf6 2. Nc3 d5 3. Bg5 Bf5 4. Nf3 e6 5. e3 Nbd7 6. Ne5 Be7 7. Nxd7 Qxd7 8.
Bxf6 Bxf6 9. Bd3 Bg6 10. Ne2 e5 11. Bxg6 hxg6 12. dxe5 Bxe5 13. g3 O-O-O 14. c3
Qh3 15. Kd2 Qf5 16. f4 Bf6 17. Nd4 Qe4 18. Qe2 a6 19. Qd3 Qg2+ 20. Qe2 Qh3 21.
Rad1 Qd7 22. Kc1 Rhe8 23. Rd3 Re4 24. Qf3 Qa4 25. Kb1 c5 26. Nb3 Qc6 27. c4 b6
28. cxd5 Qa4 29. Rhd1 Rd6 30. Qe2 Rb4 31. Qc2 c4 32. Nd4 Qxc2+ 33. Kxc2 cxd3+
34. Rxd3 Rxd5 35. Kc3 Ra4 36. Kb3 b5 37. Rc3+ Kd7 38. a3 Bxd4 39. Rd3 Rd6 40.
Ka2 Bb6 41. Rxd6+ Kxd6 42. b4 a5 0-1

[Event "Guernsey Holiday 2009"]
[Site "Guernsey"]
[Date "2009.10.18"]
[Round "1"]
[White "Baart, Edwin"]
[Black "Kaye, Michael J"]
[Result "1-0"]
[WhiteElo "1704"]
[BlackElo "1522"]
[PlyCount "117"]
[EventDate "2009.10.18"]
[SourceDate "2009.11.17"]

1. d4 Nf6 2. Nf3 e6 3. Bg5 Be7 4. e3 Ne4 5. Bxe7 Qxe7 6. Bd3 d5 7. O-O Nd6 8.
Nbd2 b6 9. e4 Bb7 10. exd5 Bxd5 11. c4 Bb7 12. d5 O-O 13. Re1 Qf6 14. dxe6 fxe6
15. Qc2 g6 16. Ne4 Nxe4 17. Bxe4 Nc6 18. a3 Rad8 19. Re3 Ba8 20. Rae1 Nd4 21.
Nxd4 Bxe4 22. Rxe4 Rxd4 23. Rxe6 Qf7 24. f3 Rfd8 25. Qe2 R4d7 26. Qe5 Qf8 27.
Rf6 Qc5+ 28. Qxc5 bxc5 29. Rc6 Rd2 30. Rxc7 Rxb2 31. Rxa7 Rc2 32. Rc7 Rxc4 33.
Kf2 Rc3 34. Re2 Rxa3 35. Rxc5 Ra7 36. Rec2 Kg7 37. Rc7+ Rxc7 38. Rxc7+ Kh6 39.
g4 g5 40. Kg3 Rd6 41. h4 gxh4+ 42. Kxh4 Rd4 43. Rf7 Kg6 44. Rf5 h6 45. Kg3 Rd6
46. Re5 Rd3 47. Kf4 Rd6 48. Re3 Kf6 49. Ra3 Rd4+ 50. Kg3 Rd6 51. f4 Rd4 52. Re3
Rd5 53. Kh4 Rd4 54. f5 Kg7 55. Kh5 Kf7 56. Re6 Rd2 57. Rxh6 Rh2+ 58. Kg5 Rxh6
59. Kxh6 1-0

[Event "Guernsey Holiday 2009"]
[Site "Guernsey"]
[Date "2009.10.18"]
[Round "1"]
[White "Finch, Russell"]
[Black "Collins, Alan"]
[Result "1/2-1/2"]
[WhiteElo "1485"]
[BlackElo "1690"]
[PlyCount "42"]
[EventDate "2009.10.18"]
[SourceDate "2009.11.17"]

1. f4 d5 2. Nf3 Nf6 3. e3 g6 4. Be2 Bg7 5. O-O O-O 6. d3 c5 7. Nc3 Nc6 8. e4
dxe4 9. dxe4 e6 10. Qxd8 Rxd8 11. e5 Ne8 12. Be3 b6 13. Rfd1 Bb7 14. a3 Ne7 15.
Rxd8 Rxd8 16. Kf1 Nc7 17. Rd1 Rxd1+ 18. Bxd1 Ned5 19. Bd2 Nxc3 20. Bxc3 Bxf3
21. Bxf3 Nb5 1/2-1/2

[Event "Guernsey Holiday 2009"]
[Site "Guernsey"]
[Date "2009.10.18"]
[Round "1"]
[White "Wallace, Mitchel"]
[Black "Harnden, Terry"]
[Result "1-0"]
[WhiteElo "1690"]
[BlackElo "1442"]
[PlyCount "67"]
[EventDate "2009.10.18"]
[SourceDate "2009.11.17"]

1. e4 c5 2. c3 d6 3. f4 Nf6 4. Nf3 Nc6 5. e5 dxe5 6. fxe5 Ng4 7. Bb5 g6 8. Qa4
Qc7 9. O-O Bg7 10. d4 cxd4 11. cxd4 O-O 12. Nc3 e6 13. h3 Nh6 14. Bf4 Nf5 15.
Rac1 Bd7 16. d5 Qb6+ 17. Kh2 exd5 18. Nxd5 Qd8 19. Bg5 Bxe5+ 20. Nxe5 Qxg5 21.
Nxd7 Rfd8 22. N7f6+ Kg7 23. Ne4 Qh4 24. g3 Qh6 25. Bxc6 bxc6 26. Qxc6 Rab8 27.
Qf6+ Kg8 28. Rcd1 Qg7 29. Ne7+ Nxe7 30. Rxd8+ Rxd8 31. Qxe7 Qxb2+ 32. Rf2 Qb8
33. Qxf7+ Kh8 34. Nf6 1-0

[Event "Guernsey Holiday 2009"]
[Site "Guernsey"]
[Date "2009.10.18"]
[Round "1"]
[White "Newrick, William R"]
[Black "Williams, Peter D"]
[Result "0-1"]
[WhiteElo "1347"]
[BlackElo "1690"]
[PlyCount "42"]
[EventDate "2009.10.18"]
[SourceDate "2009.11.17"]

1. d4 d5 2. Nf3 Nf6 3. e3 Bg4 4. Be2 e6 5. h3 Bh5 6. O-O Be7 7. Nbd2 O-O 8. Bd3
Nbd7 9. g4 Bg6 10. Bxg6 hxg6 11. Ne5 Ne4 12. Nxd7 Qxd7 13. Nxe4 dxe4 14. c4
Rad8 15. Qb3 b6 16. Bd2 Bd6 17. Bc3 Qe7 18. Rad1 f5 19. f3 Qh4 20. Rd2 Qxh3 21.
Rg2 exf3 0-1

[Event "Guernsey Holiday 2009"]
[Site "Guernsey"]
[Date "2009.10.18"]
[Round "1"]
[White "O'Connor, Jonathan"]
[Black "Savage, Neil"]
[Result "1-0"]
[WhiteElo "1675"]
[BlackElo "1335"]
[PlyCount "41"]
[EventDate "2009.10.18"]
[SourceDate "2009.11.17"]

1. e4 c5 2. d4 cxd4 3. c3 Nf6 4. e5 Nd5 5. Bc4 Nb6 6. Bb3 d5 7. exd6 Qxd6 8.
Qf3 e6 9. Bf4 Qc5 10. cxd4 Qxd4 11. Nc3 Be7 12. Rd1 Qb4 13. Qg3 O-O 14. Bxb8
Bh4 15. Bd6 Qxb3 16. Qxh4 Qxb2 17. Nge2 Re8 18. Qe4 f5 19. Qd3 e5 20. Rb1 e4
21. Qd1 1-0

[Event "Guernsey Holiday 2009"]
[Site "Guernsey"]
[Date "2009.10.18"]
[Round "1"]
[White "Bennett, David"]
[Black "Van Rossum, Pia"]
[Result "0-1"]
[WhiteElo "1410"]
[BlackElo "1661"]
[PlyCount "130"]
[EventDate "2009.10.18"]
[SourceDate "2009.11.17"]

1. Nf3 Nf6 2. d4 g6 3. Bf4 d6 4. Nbd2 Bg7 5. e3 O-O 6. Be2 Na6 7. c3 c5 8. O-O
cxd4 9. exd4 Nc7 10. Rc1 Ncd5 11. Bg5 a6 12. b4 Bd7 13. Qb3 b5 14. c4 bxc4 15.
Bxc4 Nb6 16. Rfe1 Nxc4 17. Nxc4 Be6 18. Qd1 d5 19. Ne3 Qd6 20. a3 a5 21. Qb3
Rfb8 22. b5 Ne4 23. Rc6 Qd8 24. Bf4 a4 25. Qb4 Rb7 26. Rec1 Bd7 27. Bc7 Qe8 28.
Rb6 Rxb6 29. Bxb6 e6 30. Rb1 Bf8 31. Bc5 Rb8 32. Bxf8 Rxb5 33. Qe1 Qxf8 34. Nc2
Rb3 35. h3 Qb8 36. Ra1 Bb5 37. Ne5 Nd6 38. f3 Bd3 39. Nxd3 Rxd3 40. Nb4 Rb3 41.
Qe5 Qb6 42. Qf4 Nc4 43. Nc2 Rd3 44. Qc1 Rc3 45. Qd2 Rxc2 46. Qxc2 Qxd4+ 47. Kh2
Qxa1 48. Qxa4 Qxa3 49. Qe8+ Kg7 50. Qb5 Qa2 51. Qc5 Qd2 52. Kg3 Qe1+ 53. Kh2
Qe5+ 54. Kg1 Qe3+ 55. Qxe3 Nxe3 56. Kf2 d4 57. g4 f5 58. Ke2 Kf6 59. Kd3 e5 60.
h4 fxg4 61. fxg4 Nxg4 62. Ke4 Nf2+ 63. Kf3 e4+ 64. Kxf2 Kf5 65. Ke2 Kg4 0-1

[Event "Guernsey Holiday 2009"]
[Site "Guernsey"]
[Date "2009.10.18"]
[Round "1"]
[White "Beadle, John"]
[Black "Cox, Marian"]
[Result "1-0"]
[WhiteElo "1650"]
[BlackElo "1434"]
[PlyCount "83"]
[EventDate "2009.10.18"]
[SourceDate "2009.11.17"]

1. e4 e5 2. Bc4 Nc6 3. Nf3 d6 4. Nc3 Be7 5. O-O h6 6. Nd5 Nf6 7. Nxe7 Qxe7 8.
Re1 a6 9. d4 Bg4 10. c3 O-O 11. h3 Bh5 12. d5 Bxf3 13. Qxf3 Nd8 14. Bd3 Nh7 15.
Qg3 g5 16. Be2 f6 17. Bg4 Kh8 18. h4 Rg8 19. Qh3 Qg7 20. hxg5 fxg5 21. g3 Nf7
22. Kg2 Qf6 23. Rh1 Kg7 24. Be6 Raf8 25. Be3 Rh8 26. Rag1 Nd8 27. Bf5 Nf7 28.
Kf1 Rfg8 29. Ke2 Nf8 30. Bc8 Nd8 31. c4 a5 32. Bf5 Ng6 33. Kd3 b6 34. f4 exf4
35. gxf4 Nf7 36. Bxg6 Qxg6 37. Bd4+ Kf8 38. Bxh8 Rxh8 39. fxg5 Ne5+ 40. Kd4 h5
41. Qc8+ Qe8 42. Rf1+ 1-0

[Event "Guernsey Holiday 2009"]
[Site "Guernsey"]
[Date "2009.10.18"]
[Round "1"]
[White "Bateman, Kerry"]
[Black "Haisma, Henk"]
[Result "0-1"]
[WhiteElo "1400"]
[BlackElo "1639"]
[PlyCount "64"]
[EventDate "2009.10.18"]
[SourceDate "2009.11.17"]

1. e4 c5 2. f4 Nc6 3. Nf3 d6 4. Bc4 e6 5. Nc3 a6 6. a4 Qc7 7. O-O Nf6 8. Qe2
Nd4 9. Nxd4 cxd4 10. Na2 e5 11. h3 Bd7 12. d3 Bxa4 13. Nb4 Bc6 14. fxe5 dxe5
15. Bg5 Bxb4 16. Rxf6 gxf6 17. Bxf6 Rf8 18. Qh5 Bd6 19. Rf1 Bxe4 20. Re1 Bg6
21. Qg5 Kd7 22. Rxe5 Bxe5 23. Bxe5 Qa5 24. Qf6 Qc5 25. Bxd4 Qe7 26. Qf3 Rab8
27. Qf4 Rbe8 28. Qf3 Kc8 29. Bxa6 Qe1+ 30. Kh2 Qb4 31. Bc3 Qd6+ 32. Kg1 Qxa6
0-1

[Event "Guernsey Holiday 2009"]
[Site "Guernsey"]
[Date "2009.10.18"]
[Round "1"]
[White "Jongerius, Marc"]
[Black "Cox, Reginald E"]
[Result "1-0"]
[WhiteElo "1633"]
[BlackElo "1402"]
[PlyCount "61"]
[EventDate "2009.10.18"]
[SourceDate "2009.11.17"]

1. e4 c5 2. Nf3 Nc6 3. c3 a6 4. d4 cxd4 5. cxd4 d5 6. e5 e6 7. a3 g6 8. Bd3 Bg7
9. O-O Qb6 10. Nc3 Nge7 11. Na4 Qd8 12. Bg5 h6 13. Bd2 O-O 14. Qc1 Kh7 15. Nc3
Na5 16. Qc2 Qb6 17. Na4 Qb3 18. Bxa5 Qxc2 19. Bxc2 Nc6 20. Bd2 b5 21. Nb6 Rb8
22. Nxc8 Rbxc8 23. Rfc1 Ne7 24. Bb4 Rfe8 25. Bxe7 Rxe7 26. Bxg6+ fxg6 27. Rxc8
Rb7 28. Rac1 g5 29. R1c7 Rb6 30. Re7 a5 31. Rcc7 1-0

[Event "Guernsey Holiday 2009"]
[Site "Guernsey"]
[Date "2009.10.18"]
[Round "1"]
[White "Le Maitre, Richard"]
[Black "Onwezen, Eric"]
[Result "0-1"]
[WhiteElo "1219"]
[BlackElo "1622"]
[PlyCount "68"]
[EventDate "2009.10.18"]
[SourceDate "2009.11.17"]

1. Nf3 d5 2. g3 Nf6 3. Bg2 Nc6 4. d3 Bg4 5. c3 e6 6. O-O Be7 7. Bg5 O-O 8. Nbd2
h6 9. Bxf6 Bxf6 10. d4 Re8 11. Re1 Qd7 12. e4 a5 13. Qc2 a4 14. a3 Na5 15. e5
Bf5 16. Qc1 Be7 17. Nf1 Nb3 18. Qf4 Nxa1 19. Rxa1 Qb5 20. Qd2 Be4 21. Ne3 Bxf3
22. Bxf3 Bg5 23. Be2 Bxe3 24. Bxb5 Bxd2 25. Bxe8 Rxe8 26. Rd1 Bg5 27. f4 Be7
28. Rf1 c5 29. f5 cxd4 30. cxd4 Rc8 31. f6 gxf6 32. exf6 Bd6 33. Rf2 Rc4 34.
Rd2 Kh7 0-1

[Event "Guernsey Holiday 2009"]
[Site "Guernsey"]
[Date "2009.10.18"]
[Round "1"]
[White "Nalichowski, Bogdan"]
[Black "Brown, Jim"]
[Result "1-0"]
[WhiteElo "1615"]
[BlackElo "1378"]
[PlyCount "119"]
[EventDate "2009.10.18"]
[SourceDate "2009.11.17"]

1. e4 d6 2. d4 c6 3. Nc3 Nd7 4. Nf3 e6 5. Bc4 Be7 6. d5 e5 7. Be3 h6 8. a3 Ngf6
9. h3 O-O 10. Qd2 Nh7 11. h4 a6 12. b4 b5 13. Bb3 c5 14. bxc5 Nxc5 15. g3 Nxb3
16. cxb3 Bg4 17. Nh2 Nf6 18. b4 Bh5 19. f3 Bg6 20. g4 Bh7 21. h5 Nd7 22. Nf1 f6
23. Ng3 Kf7 24. Nf5 Bxf5 25. exf5 Rh8 26. O-O Nb6 27. Qf2 Nc4 28. Ne4 Nxe3 29.
Qxe3 Rb8 30. Rfc1 Qb6 31. Qxb6 Rxb6 32. Rc6 Rhb8 33. Rac1 R8b7 34. Rc8 Rb8 35.
R8c7 R8b7 36. R1c6 Rxc7 37. Rxb6 Ra7 38. Kf2 Kf8 39. Nxd6 Bxd6 40. Rxd6 Ke7 41.
Re6+ Kd7 42. Ke3 Kd8 43. f4 Kd7 44. fxe5 fxe5 45. Rg6 Kd8 46. Kf3 Re7 47. Ke4
Rc7 48. Re6 Kd7 49. Kxe5 Rc8 50. f6 gxf6+ 51. Rxf6 Re8+ 52. Kf5 Rh8 53. Rxa6
Rf8+ 54. Rf6 Rh8 55. Kf4 Ke7 56. Re6+ Kd7 57. Ke5 Rg8 58. Rg6 Re8+ 59. Kd4 Rh8
60. Kc5 1-0

[Event "Guernsey Holiday 2009"]
[Site "Guernsey"]
[Date "2009.10.19"]
[Round "2"]
[White "Van Rossum, Pia"]
[Black "Kershaw, Graham J"]
[Result "0-1"]
[WhiteElo "1661"]
[BlackElo "1826"]
[PlyCount "64"]
[EventDate "2009.10.18"]
[SourceDate "2009.11.17"]

1. Nf3 e6 2. d4 d5 3. c4 Nf6 4. Bg5 Be7 5. Nc3 Nbd7 6. e3 c5 7. Bd3 cxd4 8.
exd4 dxc4 9. Bxc4 Nb6 10. Bb3 Bd7 11. O-O Bc6 12. Ne5 Rc8 13. Bxf6 Bxf6 14. Qh5
O-O 15. Bc2 g6 16. Qg4 Nd5 17. Rfe1 Nxc3 18. bxc3 Bd5 19. Re3 b5 20. a3 Qe7 21.
Rae1 Kg7 22. Rg3 Bxe5 23. Rxe5 Qxa3 24. h4 Qc1+ 25. Qd1 Qxd1+ 26. Bxd1 Rc7 27.
h5 Rfc8 28. hxg6 hxg6 29. Ree3 a5 30. Be2 Bc4 31. Bxc4 Rxc4 32. Kf1 a4 0-1

[Event "Guernsey Holiday 2009"]
[Site "Guernsey"]
[Date "2009.10.19"]
[Round "2"]
[White "Haisma, Henk"]
[Black "Hoogakker, Peter"]
[Result "1/2-1/2"]
[WhiteElo "1639"]
[BlackElo "1773"]
[PlyCount "53"]
[EventDate "2009.10.18"]
[SourceDate "2009.11.17"]

1. d4 d5 2. c4 e6 3. Nc3 Nf6 4. Bg5 Nbd7 5. cxd5 exd5 6. e3 c6 7. Bd3 Be7 8.
Nge2 h6 9. Bh4 O-O 10. O-O Re8 11. Qc2 Nf8 12. f3 Ne6 13. Rad1 Qc7 14. e4 dxe4
15. fxe4 Ng4 16. Bg3 Qb6 17. Na4 Qd8 18. Bf2 Bg5 19. Kh1 Nxf2+ 20. Rxf2 Be3 21.
Rf3 Bxd4 22. Bc4 b5 23. Bxe6 Bxe6 24. Rxd4 Qe7 25. Nc5 Bc4 26. Nd3 c5 27. Rxc4
1/2-1/2

[Event "Guernsey Holiday 2009"]
[Site "Guernsey"]
[Date "2009.10.19"]
[Round "2"]
[White "Noordijk, Evert"]
[Black "O'Connor, Jonathan"]
[Result "1/2-1/2"]
[WhiteElo "1767"]
[BlackElo "1675"]
[PlyCount "93"]
[EventDate "2009.10.18"]
[SourceDate "2009.11.17"]

1. Nf3 Nf6 2. d3 d5 3. Nbd2 Nc6 4. e4 dxe4 5. dxe4 e5 6. c3 Bc5 7. Be2 O-O 8.
h3 Qe7 9. Qc2 Nh5 10. g3 Bd7 11. Nc4 b5 12. Ne3 a6 13. Nh4 Nf6 14. Nhf5 Bxf5
15. Nxf5 Qd7 16. Bg5 Be7 17. g4 g6 18. Ng3 Ne8 19. Be3 Ng7 20. g5 Nd8 21. Rd1
Bd6 22. h4 Nde6 23. Bg4 Qe7 24. Bf3 Rad8 25. Nf1 Nf4 26. Nh2 f5 27. gxf6 Qxf6
28. Ng4 Qe6 29. Qb3 Qxb3 30. axb3 h5 31. Nh2 Rf6 {(=)} 32. Rg1 Nge6 33. Rd2
Rdf8 34. Kd1 Kh7 35. Kc2 R8f7 36. b4 Bf8 37. Ra1 c5 38. Bd1 cxb4 39. Nf3 Ng2
40. Nxe5 Nxe3+ 41. fxe3 Rc7 42. Rd7+ Rxd7 43. Nxd7 Rf2+ 44. Kb1 bxc3 45. bxc3
Nc5 46. Nxc5 Bxc5 47. Rxa6 1/2-1/2

[Event "Guernsey Holiday 2009"]
[Site "Guernsey"]
[Date "2009.10.19"]
[Round "2"]
[White "Veelenturf, Wim"]
[Black "Beadle, John"]
[Result "1/2-1/2"]
[WhiteElo "1756"]
[BlackElo "1650"]
[PlyCount "46"]
[EventDate "2009.10.18"]
[SourceDate "2009.11.17"]

1. d4 Nf6 2. c4 c5 3. Nf3 cxd4 4. Nxd4 g6 5. Nc3 Bg7 6. g3 O-O 7. Bg2 Nc6 8. e3
a6 9. O-O Qc7 10. Qe2 d6 11. Rd1 Bd7 12. b3 Rab8 13. Bb2 Ne5 14. Rac1 Rfc8 15.
h3 h5 16. f4 Nc6 17. Nd5 Nxd5 18. cxd5 Nxd4 19. exd4 Qd8 20. Qe3 Bf6 21. Kh2
Qf8 22. Be4 Qh6 23. Rf1 Kf8 1/2-1/2

[Event "Guernsey Holiday 2009"]
[Site "Guernsey"]
[Date "2009.10.19"]
[Round "2"]
[White "Gibson, John"]
[Black "Jongerius, Marc"]
[Result "1-0"]
[WhiteElo "1750"]
[BlackElo "1633"]
[PlyCount "85"]
[EventDate "2009.10.18"]
[SourceDate "2009.11.17"]

1. d4 Nf6 2. Nf3 e6 3. e3 d5 4. Bd3 c5 5. c3 Nbd7 6. Nbd2 Be7 7. O-O O-O 8. Qe2
Qc7 9. e4 dxe4 10. Nxe4 Re8 11. g3 b6 12. Bf4 Qc6 13. Nxf6+ Bxf6 14. Be4 Ba6
15. Qc2 Qc8 16. Rfe1 Bb7 17. Bxh7+ Kh8 18. Be4 cxd4 19. Bxb7 Qxb7 20. Ne5 Bxe5
21. Bxe5 Nxe5 22. Rxe5 Qf3 23. cxd4 Rac8 24. Qe2 Qxe2 25. Rxe2 Red8 26. Rd2 Rc4
27. Rad1 g5 28. d5 exd5 29. Rxd5 Rxd5 30. Rxd5 f6 31. Rd8+ Kg7 32. Rd7+ Kg6 33.
Rxa7 Kf5 34. b3 Rc5 35. Ra4 Ke5 36. Rb4 Rc6 37. Kg2 Kd5 38. h4 gxh4 39. Rxh4
Rc2 40. Ra4 Ke5 41. a3 Rb2 42. Rb4 Ra2 43. a4 1-0